[Event "Samara Polugaevsky Memorial 5th"]
[Site "Samara"]
[Date "2015.07.05"]
[Round "3"]
[White "Khanin, Semen"]
[Black "Chekmareva, Liya"]
[Result "1-0"]
[WhiteElo "2385"]
[BlackElo "2082"]
[PlyCount "69"]
[EventDate "2015.07.03"]
[EventType "swiss"]
[EventRounds "9"]
[EventCountry "RUS"]
[SourceTitle "EXT 2017"]
[Source "ChessBase"]
[SourceDate "2016.10.25"]
[SourceVersion "1"]
[SourceVersionDate "2016.10.25"]
[SourceQuality "1"]

1. e4 c5 2. Nf3 e6 3. d4 cxd4 4. Nxd4 a6 5. Bd3 Qc7 6. 0-0 Nf6 7. Qe2 d6 8. c4 Nbd7 9. f4 b6 10. Nc3 Be7 11. Bd2 0-0 12. Rac1 Re8 13. g4 Nf8 14. g5 N6d7 15. h4 Bb7 16. b3 Rac8 17. Bb1 Qb8 18. h5 d5 19. cxd5 Bc5 20. Qf2 exd5 21. Nxd5 Bxd5 22. exd5 Qd6 23. b4 Bxd4 24. Qxd4 h6 25. Bc3 Rxc3 26. Rxc3 hxg5 27. fxg5 Re5 28. Qf4 Qxd5 29. Rg3 Re2 30. Bd3 Re7 31. Bc4 Qc6 32. Bxf7+ Kh8 33. g6 b5 34. Qh6+ gxh6 35. g7+ 1-0

[Event "Saratov Regional-ch (Women)"]
[Site "Saratov"]
[Date "2014.11.30"]
[Round "9"]
[White "Brineva, Elena G"]
[Black "Chekmareva, Liya"]
[Result "1/2-1/2"]
[WhiteElo "1930"]
[BlackElo "1927"]
[PlyCount "80"]
[EventDate "2014.11.22"]
[EventType "swiss"]
[EventRounds "9"]
[EventCountry "RUS"]
[SourceTitle "EXT 2016"]
[Source "ChessBase"]
[SourceDate "2015.10.08"]
[SourceVersion "1"]
[SourceVersionDate "2015.10.08"]
[SourceQuality "1"]

1. c4 e5 2. Nc3 Nf6 3. g3 Nc6 4. Bg2 Bc5 5. e3 0-0 6. Nge2 Re8 7. d3 d6 8. 0-0 a6 9. a3 Rb8 10. b4 Ba7 11. Qa4 Bd7 12. b5 Ne7 13. Qc2 axb5 14. Nxb5 Bxb5 15. cxb5 Qd7 16. Rb1 d5 17. d4 exd4 18. Nxd4 Bxd4 19. exd4 Qf5 20. Qxf5 Nxf5 21. Bf4 Nxd4 22. Bxc7 Ra8 23. Bd6 Re6 24. Bc5 Ne2+ 25. Kh1 Nc3 26. Rbc1 Nxb5 27. Rfd1 b6 28. Bb4 Re5 29. Rc6 Re6 30. Rc2 Rd8 31. Bxd5 Ne4 32. Kg2 Ree8 33. Bc6 Rxd1 34. Bxe8 Nbd6 35. Ba4 g6 36. Rc6 Rd4 37. f3 Nc5 38. Bc2 Rc4 39. Bb1 Rc1 40. Rxb6 Rxb1 1/2-1/2

[Event "Saratov Regional-ch (Women)"]
[Site "Saratov"]
[Date "2014.11.24"]
[Round "3"]
[White "Protopopova, Anastasiya"]
[Black "Chekmareva, Liya"]
[Result "1-0"]
[WhiteElo "2075"]
[BlackElo "1927"]
[PlyCount "67"]
[EventDate "2014.11.22"]
[EventType "swiss"]
[EventRounds "9"]
[EventCountry "RUS"]
[SourceTitle "EXT 2016"]
[Source "ChessBase"]
[SourceDate "2015.10.08"]
[SourceVersion "1"]
[SourceVersionDate "2015.10.08"]
[SourceQuality "1"]

1. Nf3 Nf6 2. c4 g6 3. Nc3 d5 4. Qa4+ Bd7 5. Qb3 dxc4 6. Qxc4 c5 7. g3 Nc6 8. Bg2 Qa5 9. Ng5 Ne5 10. Qf4 Bc6 11. Nce4 Nxe4 12. Qxe5 f6 13. Qe6 fxg5 14. Bxe4 Bxe4 15. Qxe4 Qc7 16. 0-0 Bg7 17. d3 Bf6 18. Be3 0-0 19. Rac1 Qa5 20. Qd5+ Kh8 21. Rxc5 Qb4 22. Rb5 Qg4 23. f3 Qa4 24. Rxb7 Qc2 25. Kf2 g4 26. Rc1 Qa4 27. Qc4 Qa5 28. Qxg4 Qxa2 29. Bd4 Rf7 30. Rxe7 Rd8 31. Bxf6+ Rxf6 32. Rcc7 Qxb2 33. Rxh7+ Kg8 34. Qc4+ 1-0

[Event "Saratov Regional-ch (Women)"]
[Site "Saratov"]
[Date "2014.11.23"]
[Round "2"]
[White "Chekmareva, Liya"]
[Black "Golovchanskaya, Alina"]
[Result "1-0"]
[WhiteElo "1927"]
[BlackElo "1635"]
[PlyCount "83"]
[EventDate "2014.11.22"]
[EventType "swiss"]
[EventRounds "9"]
[EventCountry "RUS"]
[SourceTitle "EXT 2016"]
[Source "ChessBase"]
[SourceDate "2015.10.08"]
[SourceVersion "1"]
[SourceVersionDate "2015.10.08"]
[SourceQuality "1"]

1. e4 c5 2. Nc3 g6 3. g3 Bg7 4. Bg2 Nc6 5. d3 a6 6. Be3 d6 7. Qd2 Be6 8. Nf3 Qb6 9. Nd1 h5 10. h3 Nf6 11. c3 Qb5 12. 0-0 c4 13. a4 Qa5 14. Ng5 Ne5 15. d4 Nd3 16. f4 0-0 17. b4 Qc7 18. d5 Bd7 19. Bd4 a5 20. b5 b6 21. Qe3 Nc5 22. Bxc5 Qxc5 23. Qxc5 dxc5 24. Ne3 Nh7 25. Nxh7 Kxh7 26. Rac1 Rab8 27. Nxc4 Rfd8 28. Rfe1 Kh6 29. Kf2 g5 30. f5 g4 31. hxg4 hxg4 32. Rh1+ Kg5 33. Rh7 Rg8 34. Ne3 e6 35. Rch1 exf5 36. R7h5+ Kf6 37. exf5 Rh8 38. Nxg4+ Ke7 39. f6+ Kd6 40. fxg7 Rxh5 41. Rxh5 Bxg4 42. Rh8 1-0

[Event "Voronezh op-B 18th"]
[Site "Voronezh"]
[Date "2014.06.18"]
[Round "7"]
[White "Chekmareva, Liya"]
[Black "Pustovidko, Anastasia"]
[Result "1/2-1/2"]
[WhiteElo "1863"]
[BlackElo "1944"]
[PlyCount "132"]
[EventDate "2014.06.12"]
[EventType "swiss"]
[EventRounds "9"]
[EventCountry "RUS"]
[SourceTitle "EXT 2015"]
[Source "ChessBase"]
[SourceDate "2014.11.20"]
[SourceVersion "1"]
[SourceVersionDate "2014.11.20"]
[SourceQuality "1"]

1. d4 Nf6 2. c4 g6 3. Nc3 d5 4. Bf4 c6 5. e3 Bg7 6. Nf3 0-0 7. h3 Qa5 8. Nd2 Nbd7 9. Be2 Re8 10. 0-0 Qd8 11. cxd5 Nxd5 12. Nxd5 cxd5 13. Rc1 e5 14. dxe5 Nxe5 15. Nb3 Nc6 16. Bb5 Bxb2 17. Bxc6 bxc6 18. Rxc6 Be6 19. Nd4 Qf6 20. Nb5 Be5 21. Bxe5 Qxe5 22. Rc5 Rec8 23. Rxc8+ Rxc8 24. Nxa7 Ra8 25. Nc6 Qd6 26. Nd4 Rxa2 27. Qb3 Ra3 28. Qb2 Ra8 29. Rb1 Bd7 30. Qb7 Re8 31. Rb6 Qe7 32. Qxd5 Be6 33. Qe5 Bc4 34. Qxe7 Rxe7 35. Kh2 h5 36. Kg3 Bd5 37. Rd6 Bc4 38. Nc6 Rc7 39. Ne5 Bb3 40. Rd3 Be6 41. Rd2 Kg7 42. f4 Rc1 43. Kf2 Ra1 44. e4 Ra4 45. Kf3 Ra3+ 46. Rd3 Ra1 47. Kg3 Re1 48. Rd4 Ra1 49. Nf3 Ra3 50. Kh4 Ra2 51. g4 hxg4 52. hxg4 Rg2 53. f5 gxf5 54. exf5 Bb3 55. Kg5 Rf2 56. f6+ Kh7 57. Nh4 Be6 58. Re4 Ra2 59. Rd4 Ra5+ 60. Kf4 Kh6 61. Rb4 Rc5 62. Rd4 Ra5 63. Nf3 Kg6 64. g5 Rf5+ 65. Kg3 Rxf3+ 66. Kxf3 Kxg5 1/2-1/2

[Event "Voronezh op-B 18th"]
[Site "Voronezh"]
[Date "2014.06.16"]
[Round "5"]
[White "Chekmareva, Liya"]
[Black "Sitnikov, Sergey V"]
[Result "0-1"]
[WhiteElo "1863"]
[BlackElo "2003"]
[PlyCount "104"]
[EventDate "2014.06.12"]
[EventType "swiss"]
[EventRounds "9"]
[EventCountry "RUS"]
[SourceTitle "EXT 2015"]
[Source "ChessBase"]
[SourceDate "2014.11.20"]
[SourceVersion "1"]
[SourceVersionDate "2014.11.20"]
[SourceQuality "1"]

1. d4 Nf6 2. c4 g6 3. Nc3 d5 4. Bf4 c6 5. e3 Bg7 6. Nf3 0-0 7. a3 h6 8. h3 Be6 9. c5 Nbd7 10. Rc1 Ne4 11. Bd3 f5 12. Qb3 Qc8 13. Bxe4 Nxc5 14. dxc5 dxe4 15. Qd1 exf3 16. Qxf3 g5 17. Bh2 Bc4 18. Rc2 Qe6 19. Rd2 Rad8 20. Qd1 Rxd2 21. Qxd2 f4 22. Ne2 fxe3 23. fxe3 Qf5 24. Bg3 Qb1+ 25. Qc1 Qxc1+ 26. Nxc1 Bxb2 27. Kd2 Bxa3 28. Kc3 Bf1 29. Nb3 b6 30. cxb6 axb6 31. Nd4 Bxg2 32. Rh2 Bd5 33. Re2 b5 34. e4 Bc4 35. Re3 c5 36. Nf5 Bb4+ 37. Kc2 Ra8 38. Nxe7+ Kf7 39. Nc6 Ra2+ 40. Kb1 Rg2 41. Bd6 Ke6 42. Bf8 Bd2 43. Rf3 Be2 44. Rf5 Bd3+ 45. Kb2 Bb4+ 46. Kc1 Rg1+ 47. Kb2 Rb1+ 48. Ka2 Bc3 49. Bxc5 Bxe4 50. Rf2 Kd5 51. Bd4 Bxd4 52. Rd2 Rb2+ 0-1